| 000 -LEADER | |
|---|---|
| fixed length control field | 00436nam a22001577a 4500 |
| 020 ## - INTERNATIONAL STANDARD BOOK NUMBER | |
| ISBN | 0135289106 |
| 050 ## - LIBRARY OF CONGRESS CALL NUMBER | |
| Classification number | QA 76.73 dei |
| 100 ## - MAIN ENTRY--AUTHOR NAME | |
| Personal name | DEITEL, H.M |
| 245 ## - TITLE STATEMENT | |
| Title | CH: how to program |
| 250 ## - EDITION STATEMENT | |
| Edition statement | 2nd ed. |
| 260 ## - PUBLICATION, DISTRIBUTION, ETC. (IMPRINT) | |
| Place of publication | Upper Saddle River, NJ |
| Name of publisher | Prentice Hall |
| Year of publication | 1998 |
| 300 ## - PHYSICAL DESCRIPTION | |
| Number of Pages | 1130p,illus,bibliographic references and index |
| Other physical details | vii |
| 700 ## - ADDED ENTRY--PERSONAL NAME | |
| Personal name | DEITEL,P.J |
| 942 ## - ADDED ENTRY ELEMENTS (KOHA) | |
| Koha item type | Books |
| 988 ## - PAGINATION/EXTENT | |
| PAGINATION/EXTENT | vii,1130p,illus,bibliographic references and index |
No copies available.

